[Event "USG Chemmnitz - Heilbronner SV"]
[Site "Dittrichshuette"]
[Date "2004.12.29"]
[Round "5.1"]
[White "Geschnizjani, Ramin Tobias"]
[Black "Eidner, Falk"]
[Result "1-0"]
[WhiteElo "1806"]
[BlackElo "1720"]
[PlyCount "59"]
[EventDate "2004.??.??"]

1. e4 e5 2. Nc3 Bc5 3. Nf3 d6 4. d4 exd4 5. Nxd4 Nf6 6. Be3 O-O 7. Bc4 Ng4 8.
Qf3 Ne5 9. Qe2 Nxc4 10. Qxc4 Bxd4 11. Qxd4 Nc6 12. Qd2 Be6 13. O-O-O a5 14. f4
f6 15. f5 Bf7 16. g4 Ne5 17. Qg2 Nc4 18. Bf4 Qe7 19. g5 fxg5 20. Bxg5 Qe5 21.
Rhg1 Be8 22. Rd5 Ne3 23. Bxe3 Qe7 24. Bd4 Rf7 25. f6 Qe6 26. Qg4 Qxg4 27. Rxg4
g6 28. e5 Bc6 29. e6 Bxd5 30. Nxd5 1-0

[Event "USG Chemmnitz - Heilbronner SV"]
[Site "Dittrichshuette"]
[Date "2004.12.29"]
[Round "5.2"]
[White "Bruesch, Robert"]
[Black "Luo, Xinping"]
[Result "1/2-1/2"]
[WhiteElo "1625"]
[BlackElo "1696"]
[PlyCount "89"]
[EventDate "2004.??.??"]

1. d4 Nf6 2. Nf3 g6 3. c4 Bg7 4. Nc3 d5 5. Bf4 O-O 6. e3 c5 7. Be2 cxd4 8. exd4
Nc6 9. O-O Bg4 10. c5 Ne4 11. Be3 Nxc3 12. bxc3 Qd7 13. h3 Bxf3 14. Bxf3 Na5
15. Be2 b6 16. cxb6 axb6 17. Rb1 Qc6 18. Qc2 Nc4 19. Bxc4 Qxc4 20. Ra1 Rfc8 21.
Qb3 b5 22. Rfc1 h6 23. Qxc4 Rxc4 24. Rc2 b4 25. Rac1 Rac8 26. Kf1 bxc3 27. Ke2
g5 28. f3 e5 29. dxe5 Bxe5 30. Kd3 d4 31. Bf2 Kg7 32. Rb1 R8c5 33. Rb6 Ra4 34.
a3 Rcc4 35. Rb5 Bf6 36. Rb6 Kg6 37. Rb7 Kg7 38. Rb6 Be7 39. Rb3 Kg6 40. Rb6+
Kg7 41. Rb3 h5 42. Bg1 f6 43. Rb7 Kf8 44. Rb8+ Kf7 45. Rb7 1/2-1/2

[Event "USG Chemmnitz - Heilbronner SV"]
[Site "Dittrichshuette"]
[Date "2004.12.29"]
[Round "5.3"]
[White "Haeusinger, Benjamin"]
[Black "Oertel, Thomas"]
[Result "0-1"]
[WhiteElo "1386"]
[BlackElo "1613"]
[PlyCount "111"]
[EventDate "2004.??.??"]

1. d4 Nf6 2. c4 g6 3. Nf3 Bg7 4. Nc3 O-O 5. Bg5 d6 6. e4 Nbd7 7. Be2 c5 8. d5
Re8 9. O-O Nb6 10. Rc1 Bg4 11. b3 e6 12. h3 Bxf3 13. Bxf3 exd5 14. exd5 a6 15.
Re1 Qc7 16. Qd2 Nbd7 17. Rxe8+ Rxe8 18. Re1 Ne5 19. Bxf6 Nxf3+ 20. gxf3 Rxe1+
21. Qxe1 Bxf6 22. Qe8+ Kg7 23. Ne4 Be5 24. Qa4 Qe7 25. b4 f5 26. Ng3 Bxg3 27.
fxg3 Qe1+ 28. Kg2 Qxb4 29. Qd7+ Kh6 30. Qxd6 Qb2+ 31. Kf1 Qb1+ 32. Ke2 Qxa2+
33. Ke3 Qxc4 34. Qf8+ Kh5 35. g4+ Kh4 36. Qe7+ Kg3 37. Qe5+ f4+ 38. Kd2 Qb4+
39. Qc3 Qb6 40. Qe5 Qa5+ 41. Kd3 c4+ 42. Kxc4 Qb5+ 43. Kc3 Qc5+ 44. Kd3 Kxf3
45. Qe4+ Kg3 46. Qe1+ Kxh3 47. Qh1+ Kg3 48. Qe1+ Kxg4 49. Qe2+ f3 50. Qe4+ Kg3
51. Qe5+ Kg2 52. Qg5+ Kf1 53. Qe5 Kg2 54. Qg5+ Kf1 55. Qe5 Qa3+ 56. Kc4 {
Notation nicht nachvollziehbar} 0-1

[Event "USG Chemmnitz - Heilbronner SV"]
[Site "Dittrichshuette"]
[Date "2004.12.29"]
[Round "5.4"]
[White "Klebanov, Andrej"]
[Black "Durmisi, Valon"]
[Result "1-0"]
[WhiteElo "1598"]
[BlackElo "1122"]
[PlyCount "62"]
[EventDate "2004.??.??"]

1. d4 e6 2. c4 d5 3. Nc3 Ne7 4. Bf4 a6 5. Nf3 Nbc6 6. e3 Ng6 7. Bg3 Be7 8. Qb3
Na5 9. Qa4+ Nc6 10. cxd5 exd5 11. Qb3 Bb4 12. Bd3 Nge7 13. Qd1 Nf5 14. Bf4 O-O
15. Qc2 g6 16. O-O Nfe7 17. a3 Bd6 18. Bh6 Re8 19. Bg5 Be6 20. Qd2 Qd7 21. Bf6
Kf8 22. e4 Ng8 23. e5 Be7 24. Bxe7+ Qxe7 25. Qf4 Na5 26. Rfe1 Nb3 27. Rab1 c5
28. dxc5 Nxc5 29. Bc2 Red8 30. Ne2 Rac8 31. Ned4 Ke8 {
Notation nicht nachvollziehbar} 1-0

[Event "SK Kelheim - SC 1975 Paimar"]
[Site "Dittrichshuette"]
[Date "2004.12.29"]
[Round "5.1"]
[White "Segeritz, Philipp"]
[Black "Schiller, Stefan"]
[Result "1/2-1/2"]
[WhiteElo "1572"]
[BlackElo "1819"]
[PlyCount "28"]
[EventDate "2004.??.??"]

1. e4 c5 2. f4 d6 3. Bc4 e6 4. Nf3 Nc6 5. d3 Be7 6. Nc3 a6 7. Be3 Bd7 8. Qd2
Qc7 9. O-O Nf6 10. h3 h6 11. Rf2 Nh7 12. Raf1 Bf6 13. Nh2 Nd4 14. f5 e5 {
Partie nicht weiter nachvollziehbar} 1/2-1/2

[Event "SK Kelheim - SC 1975 Paimar"]
[Site "Dittrichshuette"]
[Date "2004.12.29"]
[Round "5.2"]
[White "Fuhrmann, Max"]
[Black "Schloetterlein, Sandro"]
[Result "1-0"]
[WhiteElo "1768"]
[BlackElo "1408"]
[PlyCount "111"]
[EventDate "2004.??.??"]

1. e4 e5 2. Nf3 Nf6 3. Nxe5 d6 4. Nf3 Nxe4 5. d4 d5 6. Bd3 Bf5 7. O-O Be7 8.
Re1 O-O 9. Nbd2 Nd6 10. Nf1 Bg4 11. h3 Bh5 12. Ng3 Bg6 13. Bf4 Nc6 14. c3 Qd7
15. Qc2 Rae8 16. Re2 Bf6 17. Rae1 Re7 18. Rxe7 Bxe7 19. Ne5 Nxe5 20. dxe5 Bxd3
21. Qxd3 Nc4 22. b3 Nb6 23. a4 a5 24. Be3 c5 25. Nf5 g6 26. Nxe7+ Qxe7 27. Qb5
Nd7 28. Qxb7 Qe6 29. Rd1 Rb8 30. Qxd5 Nxe5 31. Qxe6 fxe6 32. Bf4 Rxb3 33. Bxe5
Ra3 34. Rd8+ Kf7 35. Rd7+ Kg8 36. Rc7 Rxa4 37. Rxc5 Ra1+ 38. Kh2 a4 39. Ra5 a3
40. f4 a2 41. c4 Rc1 42. Rxa2 Rxc4 43. Ra7 Re4 44. Rg7+ Kf8 45. Rxh7 g5 46. g3
Re2+ 47. Kg1 Re3 48. Kf2 gxf4 49. gxf4 Re4 50. Kf3 Re1 51. Kg4 Rg1+ 52. Kh5 Rg3
53. h4 Rg2 54. Rh6 Kf7 55. Rf6+ Ke7 56. Rg6 1-0

[Event "SK Kelheim - SC 1975 Paimar"]
[Site "Dittrichshuette"]
[Date "2004.12.29"]
[Round "5.3"]
[White "Hehn, Nicolas"]
[Black "Braeutigam, Markus"]
[Result "1/2-1/2"]
[WhiteElo "1539"]
[BlackElo "1581"]
[PlyCount "53"]
[EventDate "2004.??.??"]

1. d3 d5 2. g3 c5 3. Bg2 Nf6 4. Nf3 Nc6 5. O-O Bg4 6. Nbd2 e6 7. c3 Bd6 8. Qc2
O-O 9. Re1 Qc7 10. b3 Rae8 11. Bb2 Nd7 12. e4 f5 13. exd5 exd5 14. Ng5 Rxe1+
15. Rxe1 Nf6 16. h3 Bh5 17. d4 Bg6 18. Qd1 Re8 19. Rxe8+ Bxe8 20. Qe1 Bf7 21.
Qe3 cxd4 22. cxd4 f4 23. Qf3 fxg3 24. fxg3 Bxg3 25. Nf1 Bd6 26. Ne3 Bg6 27.
Nxd5 1/2-1/2

[Event "SK Kelheim - SC 1975 Paimar"]
[Site "Dittrichshuette"]
[Date "2004.12.29"]
[Round "5.4"]
[White "Pokorny, Fabian"]
[Black "Frey, Simone"]
[Result "1-0"]
[WhiteElo "1336"]
[BlackElo "1031"]
[PlyCount "59"]
[EventDate "2004.??.??"]

1. e4 e6 2. d4 d5 3. exd5 exd5 4. Nf3 Nf6 5. Nc3 c6 6. h3 Bd6 7. Bd3 h6 8. O-O
O-O 9. Re1 Re8 10. Re3 b6 11. Qe2 Bd7 12. Rxe8+ Bxe8 13. Ne5 c5 14. dxc5 Bxe5
15. Qxe5 bxc5 16. Bf5 Nc6 17. Qg3 d4 18. Ne4 Nxe4 19. Bxe4 Qb8 20. Qg4 Qc8 21.
Bf5 Qd8 22. Bxh6 Qf6 23. Bg5 Qd6 24. Qh4 f6 25. Qh7+ Kf7 26. Bg6+ Ke7 27. Qxg7+
Kd8 28. Bxf6+ Ne7 29. Bxe8 Kxe8 30. Re1 1-0

[Event "SV Saarbruecken 1970 - SG Porz"]
[Site "Dittrichshuette"]
[Date "2004.12.29"]
[Round "5.1"]
[White "Schehl, Michael"]
[Black "Mueller, Reinhold"]
[Result "0-1"]
[WhiteElo "1401"]
[BlackElo "2048"]
[PlyCount "120"]
[EventDate "2004.??.??"]

1. d4 Nf6 2. Nf3 g6 3. c3 Bg7 4. Bf4 O-O 5. e3 c5 6. Bd3 d5 7. Nbd2 Nc6 8. Ne5
cxd4 9. exd4 Nd7 10. Nxc6 bxc6 11. O-O e5 12. dxe5 Nxe5 13. Bxe5 Bxe5 14. Nf3
Bg7 15. Bc2 Rb8 16. Rb1 Qb6 17. Re1 Ba6 18. Bd3 Bb7 19. Qa4 Qc7 20. Qxa7 Ra8
21. Qc5 Rxa2 22. Re7 Qb8 23. Qb6 Ba8 24. Qxb8 Rxb8 25. Ne5 Bf6 26. Nd7 Bxe7 27.
Nxb8 Ra7 28. Re1 Kf8 29. Na6 c5 30. Bb5 Bb7 31. Ra1 Bd6 32. g3 Ke7 33. Re1+ Kf6
34. Ra1 Ke5 35. f3 d4 36. f4+ Ke4 37. cxd4 cxd4 38. Kf2 Ra8 39. Ra4 Rc8 40. Rc4
Rxc4 41. Bxc4 d3 42. Ke1 Kd4 43. Bb5 Ke3 44. Ba4 d2+ 45. Kf1 Bxa6+ 46. Kg2 Be2
47. b4 Bxb4 48. h4 d1=Q 49. Bxd1 Bxd1 50. Kh3 f5 51. h5 Bxh5 52. Kh4 Be7+ 53.
Kh3 Bg4+ 54. Kg2 Ke2 55. Kh2 Kf2 56. Kh1 h5 57. Kh2 h4 58. gxh4 Bxh4 59. Kh1
Bf3+ 60. Kh2 Bg3+ 0-1

[Event "SV Saarbruecken 1970 - SG Porz"]
[Site "Dittrichshuette"]
[Date "2004.12.29"]
[Round "5.2"]
[White "Backes, Marco"]
[Black "Dandoerfer, Artur"]
[Result "1-0"]
[WhiteElo "1600"]
[BlackElo "1408"]
[PlyCount "125"]
[EventDate "2004.??.??"]

1. e4 e5 2. Nf3 Nf6 3. d3 Nc6 4. c3 d6 5. Be2 Be7 6. O-O Be6 7. Be3 O-O 8. d4
exd4 9. cxd4 d5 10. e5 Nd7 11. Ne1 f6 12. f4 Nb6 13. f5 Bc8 14. e6 g6 15. Bd3
Kg7 16. fxg6 hxg6 17. Bxg6 Bxe6 18. Bf5 Bxf5 19. Rxf5 Rg8 20. Qg4+ Kf7 21. Qh5+
Rg6 22. Nc3 Qh8 23. Qxh8 Rxh8 24. Nxd5 Bd6 25. Nf4 Rg7 26. Rc1 Rh4 27. Ned3 Rg5
28. Rxg5 fxg5 29. Nh3 g4 30. Ng5+ Ke7 31. g3 Rh8 32. Nf2 Nd5 33. Nxg4 Rg8 34.
Re1 Nxe3 35. Rxe3+ Kd8 36. Nf7+ Kc8 37. Nf6 Rf8 38. Nxd6+ cxd6 39. Nd5 Nxd4 40.
h4 Kd7 41. Kg2 Rf5 42. Nf4 Re5 43. Rxe5 dxe5 44. Nd3 Kd6 45. Kf2 e4 46. Nc1 Ke5
47. Ne2 Nf5 48. h5 Nh6 49. Kg2 Kf5 50. Kh3 a5 51. b3 b6 52. a3 Ng4 53. Kh4 Nh6
54. Nd4+ Ke5 55. Nc2 Kf5 56. Ne3+ Kf6 57. Ng4+ Nxg4 58. Kxg4 e3 59. Kf3 Kg5 60.
g4 b5 61. Kxe3 b4 62. axb4 axb4 63. Kd4 1-0

[Event "SV Saarbruecken 1970 - SG Porz"]
[Site "Dittrichshuette"]
[Date "2004.12.29"]
[Round "5.3"]
[White "Senay, Baris"]
[Black "Saken-Shaft, Nima"]
[Result "1-0"]
[WhiteElo "1278"]
[BlackElo "1569"]
[PlyCount "95"]
[EventDate "2004.??.??"]

1. e4 e5 2. Nf3 Nc6 3. Bc4 d6 4. d4 Be7 5. d5 Nb8 6. Nc3 f5 7. Bd3 fxe4 8. Nxe4
h6 9. c4 Nf6 10. Qc2 Nbd7 11. Nfd2 O-O 12. O-O Nxe4 13. Nxe4 Nf6 14. b3 c6 15.
dxc6 bxc6 16. Bb2 Bb7 17. Rfd1 Qc7 18. h3 Rf7 19. Ba3 d5 20. Nxf6+ Rxf6 21. Bb2
Bc5 22. cxd5 cxd5 23. Bxe5 Bxf2+ 24. Qxf2 Qxe5 25. Qe2 Re8 26. Qxe5 Rxe5 27.
Re1 Rfe6 28. Rec1 Re3 29. Bf1 Re7 30. Rd1 Kf7 31. Kf2 R7e5 32. Rac1 Kf6 33. Rc7
Re7 34. Rxb7 Rxb7 35. Kxe3 Ke5 36. g4 Rc7 37. Bg2 Rc3+ 38. Rd3 d4+ 39. Kd2 Rc7
40. Rf3 g6 41. b4 Rg7 42. Rb3 Rf7 43. Bf3 Rf8 44. a4 Rc8 45. b5 Kd6 46. a5 Kc5
47. b6 axb6 48. Rxb6 {Notation nicht nachvollziehbar} 1-0

[Event "SV Saarbruecken 1970 - SG Porz"]
[Site "Dittrichshuette"]
[Date "2004.12.29"]
[Round "5.4"]
[White "Bastian, Ruben"]
[Black "Liwerant, Igor"]
[Result "0-1"]
[WhiteElo "1507"]
[BlackElo "1332"]
[PlyCount "62"]
[EventDate "2004.??.??"]

1. e4 e5 2. Nf3 Nc6 3. Bc4 Bc5 4. c3 Nf6 5. d3 h6 6. O-O d6 7. Bb3 O-O 8. Nbd2
Nh7 9. Re1 Bg4 10. h3 Bh5 11. Nf1 Kh8 12. Ng3 Bg6 13. Bc2 a6 14. h4 f6 15. h5
Bf7 16. Nh4 Ne7 17. Ngf5 Nxf5 18. exf5 c6 19. d4 exd4 20. cxd4 Ba7 21. Ng6+
Bxg6 22. hxg6 Ng5 23. f4 Qa5 24. Re7 Rfe8 25. Rxe8+ Rxe8 26. Bd2 Bxd4+ 27. Kh1
Qd5 28. fxg5 Bxb2 29. Rb1 Qd4 30. gxh6 Qh4+ 31. Kg1 Bd4+ 0-1

[Event "SF Berghofen-Wambel - SV GA Ruedersdorf"]
[Site "Dittrichshuette"]
[Date "2004.12.30"]
[Round "6.1"]
[White "Fruebing, Stefan"]
[Black "Babczyk, Adrian"]
[Result "1/2-1/2"]
[WhiteElo "2127"]
[BlackElo "1940"]
[PlyCount "55"]
[EventDate "2004.??.??"]

1. e4 c5 2. Nf3 d6 3. d4 cxd4 4. Nxd4 Nf6 5. Nc3 e6 6. Be2 Be7 7. O-O a6 8. a4
Nc6 9. Be3 O-O 10. f4 Qc7 11. Kh1 Bd7 12. Qe1 Nxd4 13. Bxd4 Bc6 14. Qg3 Ne8 15.
a5 d5 16. e5 f5 17. Qe3 g6 18. h3 Qd7 19. Rfd1 Rc8 20. b3 Nc7 21. Bf3 Nb5 22.
Nxb5 Bxb5 23. c3 Qc7 24. b4 Kh8 25. Rg1 Rg8 26. Rae1 h6 27. g4 Kh7 28. gxf5
1/2-1/2

[Event "SF Berghofen-Wambel - SV GA Ruedersdorf"]
[Site "Dittrichshuette"]
[Date "2004.12.30"]
[Round "6.2"]
[White "Strathoff, Martin"]
[Black "Becker, Nils"]
[Result "0-1"]
[WhiteElo "1937"]
[BlackElo "2030"]
[PlyCount "106"]
[EventDate "2004.??.??"]

1. d4 Nf6 2. Nf3 g6 3. c4 Bg7 4. Nc3 O-O 5. e4 d6 6. Be2 e5 7. O-O Nc6 8. d5
Ne7 9. Nd2 Nd7 10. b4 f5 11. f3 Bh6 12. Nb3 Bxc1 13. Qxc1 f4 14. c5 Nf6 15. a4
g5 16. g4 fxg3 17. Qxg5+ Kh8 18. hxg3 Ng6 19. Kh1 Rg8 20. Qh6 Nf4 21. gxf4 Rg6
22. Qh4 Qf8 23. Rf2 Rh6 24. Rh2 Rxh4 25. Rxh4 exf4 26. Rg1 Bd7 27. e5 dxe5 28.
Bd3 Be8 29. Ne4 h5 30. Nxf6 Qxf6 31. Rgg4 Bf7 32. Nd2 Rg8 33. Rxg8+ Kxg8 34.
Rh2 Bxd5 35. Rxh5 Bf7 36. Ne4 Qd8 37. Rg5+ Kf8 38. Bf1 Qd1 39. Kg2 Qc2+ 40. Kh1
Qb1 41. Kg2 Be6 42. Be2 Qe1 43. Bf1 Qxb4 44. a5 Ke7 45. a6 bxa6 46. Bxa6 Qb2+
47. Nf2 Qa3 48. Be2 Qxc5 49. Nd3 Qd4 50. Rxe5 Kd6 51. Re4 Qg7+ 52. Kh1 Qh6+ 53.
Kg1 Bf5 0-1

[Event "SF Berghofen-Wambel - SV GA Ruedersdorf"]
[Site "Dittrichshuette"]
[Date "2004.12.30"]
[Round "6.3"]
[White "Beisser, Jacob"]
[Black "Tkachuk, Konstantyn"]
[Result "1/2-1/2"]
[WhiteElo "1865"]
[BlackElo "1834"]
[PlyCount "69"]
[EventDate "2004.??.??"]

1. d4 {0} Nf6 2. Nf3 g6 3. g3 Bg7 4. Bg2 O-O 5. O-O d6 6. Nbd2 Nbd7 7. e4 e5 8.
c3 c6 9. Qc2 Qc7 10. b3 Re8 11. Re1 d5 12. Bb2 Nxe4 13. Nxe4 dxe4 14. Rxe4 f5
15. Re2 e4 16. Ne1 Nf6 17. f3 exf3 18. Rxe8+ Nxe8 19. Nxf3 Be6 20. Ng5 Bf7 21.
Nxf7 Kxf7 22. Re1 Nd6 23. d5 c5 24. c4 Bxb2 25. Qxb2 Re8 26. Rxe8 Nxe8 27. Qf2
Qe7 28. g4 Ng7 29. gxf5 Nxf5 30. Bh3 Qg5+ 31. Kf1 Qc1+ 32. Kg2 Qg5+ 33. Kf1
Qc1+ 34. Kg2 Qg5+ 35. Kf1 1/2-1/2

[Event "SF Berghofen-Wambel - SV GA Ruedersdorf"]
[Site "Dittrichshuette"]
[Date "2004.12.30"]
[Round "6.4"]
[White "Wilms, Christoph"]
[Black "Wapenhans, Alexander"]
[Result "0-1"]
[WhiteElo "1430"]
[BlackElo "1734"]
[PlyCount "84"]
[EventDate "2004.??.??"]

1. d4 Nf6 2. c4 g6 3. Nc3 Bg7 4. e4 d6 5. Bd3 O-O 6. Nge2 e5 7. d5 Nh5 8. Be3
f5 9. exf5 gxf5 10. f3 Kh8 11. Qc2 Na6 12. a3 Nc5 13. Bxc5 dxc5 14. Qd2 Qf6 15.
O-O Bh6 16. Qe1 Rg8 17. Ng3 Nxg3 18. hxg3 Qg7 19. Rb1 Bf4 20. Rf2 Bxg3 21. Kf1
Bd7 22. Qe3 Bxf2 23. Qxf2 b6 24. Ke2 Qxg2 25. Nb5 Bxb5 26. cxb5 Qxf2+ 27. Kxf2
Rg5 28. Rh1 h5 29. Be2 f4 30. Bd3 Rag8 31. Bf1 Kg7 32. Bh3 Kf6 33. Rc1 Ke7 34.
b4 Kd6 35. Re1 Rg3 36. Rh1 cxb4 37. axb4 h4 38. Bg4 h3 39. Bxh3 Rh8 40. Bg2
Rxh1 41. Bxh1 Kxd5 42. Bg2 Rxg2+ 0-1

[Event "SF Brackel - SG Duisburg Nord"]
[Site "Dittrichshuette"]
[Date "2004.12.30"]
[Round "6.1"]
[White "Tereick, Benjamin"]
[Black "Luft, Dennis"]
[Result "1-0"]
[WhiteElo "2084"]
[BlackElo "1826"]
[PlyCount "79"]
[EventDate "2004.??.??"]

1. Nf3 Nf6 2. g3 g6 3. b3 Bg7 4. Bb2 O-O 5. Bg2 Nc6 6. c4 d6 7. d4 e6 8. O-O d5
9. Nc3 Re8 10. e3 Qe7 11. Qe2 a6 12. Rab1 Bd7 13. Ne5 Rad8 14. Rfd1 Qd6 15. Qf3
Bc8 16. c5 Qe7 17. Nxc6 bxc6 18. e4 Nd7 19. Na4 f5 20. e5 g5 21. Qc3 Nf8 22. f3
Ng6 23. Bf1 Qf7 24. Bd3 Rf8 25. Bc1 f4 26. g4 Nh4 27. Kf2 h5 28. h3 hxg4 29.
hxg4 Bh8 30. Rh1 Qg7 31. Bd2 Qh6 $11 32. Rh3 Qg7 33. Qc2 Bd7 34. Bxa6 Ra8 35.
Bd3 Bc8 36. Rbh1 Ba6 37. Bxa6 Rxa6 38. Ke2 Kf7 39. Be1 Ng6 40. Rh7 1-0

[Event "SF Brackel - SG Duisburg Nord"]
[Site "Dittrichshuette"]
[Date "2004.12.30"]
[Round "6.2"]
[White "Heyden, Jonas"]
[Black "Liedmann, Dennis"]
[Result "1/2-1/2"]
[WhiteElo "1849"]
[BlackElo "1845"]
[PlyCount "55"]
[EventDate "2004.??.??"]

1. e4 d5 2. exd5 Nf6 3. d4 Nxd5 4. Nf3 e6 5. Be2 g6 6. c4 Nb6 7. Bg5 f6 8. Be3
Bg7 9. O-O O-O 10. Nc3 Nc6 11. Qd2 Ne7 12. Bh6 Bd7 13. Bxg7 Kxg7 14. Rfd1 Bc6
15. b3 Qe8 16. Qf4 Rc8 17. Bd3 Nd7 18. Qe3 Bxf3 19. Qxf3 b6 20. Be4 Qf7 21. Bc6
Nxc6 22. Qxc6 Nb8 $11 23. Qe4 c6 24. Re1 Rfe8 25. Rad1 Nd7 26. h3 Qe7 27. d5
cxd5 28. Nxd5 1/2-1/2

[Event "SF Brackel - SG Duisburg Nord"]
[Site "Dittrichshuette"]
[Date "2004.12.30"]
[Round "6.3"]
[White "Schinske, Eric"]
[Black "Zeldin, Leonid"]
[Result "1-0"]
[WhiteElo "1694"]
[BlackElo "1817"]
[PlyCount "54"]
[EventDate "2004.??.??"]

1. d4 Nf6 2. c4 e6 3. Nc3 Bb4 4. Qc2 O-O 5. Nf3 d6 6. e3 Nc6 7. Bd2 Re8 8. a3
Bxc3 9. Bxc3 e5 10. dxe5 Nxe5 11. Nxe5 dxe5 12. Rd1 Qe7 13. Be2 Bg4 14. Bxg4
Nxg4 15. Qe4 Qh4 16. g3 Qh3 17. Ke2 Nf6 18. Qxb7 Rab8 19. Qf3 e4 20. Qf4 Qh5+
21. Kd2 Qc5 22. Bxf6 gxf6 23. Qxf6 Rb6 24. Qc3 Reb8 25. b4 Qf5 26. Ke1 Qf6 27.
Qxf6 Rxf6 {Notation nicht weiter nachvollziehbar} 1-0

[Event "SF Brackel - SG Duisburg Nord"]
[Site "Dittrichshuette"]
[Date "2004.12.30"]
[Round "6.4"]
[White "Sennholz, Michael"]
[Black "Palenta, Adam"]
[Result "0-1"]
[WhiteElo "1572"]
[BlackElo "1608"]
[PlyCount "67"]
[EventDate "2004.??.??"]

1. e4 c5 2. Nf3 Nc6 3. d4 cxd4 4. Nxd4 e5 5. Nb5 a6 6. N1a3 Nf6 7. Nc3 Bb4 8.
Bd2 Bxc3 9. Bxc3 Nxe4 10. Qg4 Nxc3 11. Qxg7 Rf8 12. bxc3 Qa5 13. Nb1 d5 14.
Qxh7 Nd4 15. Bd3 e4 16. Bxe4 dxe4 17. Qxe4+ Ne6 18. h4 Qb6 19. Nd2 Rb8 20. h5
Bd7 21. h6 Bc6 22. Qe5 Ke7 23. Rb1 Qc7 24. Qe3 Bxg2 25. Rh5 Bc6 26. Rb4 Rh8 27.
h7 Rbe8 28. Rg4 Kd7 29. Qd3+ Kc8 30. Kd1 Kb8 31. Qf1 Rd8 32. Kc1 Qd7 33. Nb3
Bf3 34. Rg3 0-1

[Event "SC Kreuzberg - SC Baden-Oos"]
[Site "Dittrichshuette"]
[Date "2004.12.30"]
[Round "6.1"]
[White "Beck, Frederik"]
[Black "Figura, Atila Gajo"]
[Result "1-0"]
[WhiteElo "2116"]
[BlackElo "2222"]
[PlyCount "101"]
[EventDate "2004.??.??"]

1. e4 c5 2. Nf3 e6 3. d4 cxd4 4. Nxd4 a6 5. c4 Nf6 6. Nc3 Bb4 7. Qc2 Qc7 8. a3
Bxc3+ 9. Qxc3 Nxe4 10. Nb5 axb5 11. Qxg7 Rf8 12. Bh6 Qd6 13. cxb5 b6 14. Rc1
Bb7 15. Rc7 Ra7 16. Be2 Qe7 17. O-O Nd6 18. Rfc1 f6 19. Bh5+ Kd8 20. Qxf8+ Qxf8
21. Bxf8 Nxb5 22. R7c4 Nc6 23. Rg4 Kc7 24. a4 Nd6 25. b3 b5 26. Bxd6+ Kxd6 27.
Rd1+ Kc7 28. Rg7 Nb8 29. axb5 Bd5 30. Rxh7 Kb6 31. Rh8 Rb7 32. Rxd5 exd5 33.
Bf3 Kxb5 34. Bxd5 Rb6 35. Rh5 Kb4 36. g4 Nc6 37. h4 Nd4 38. Kg2 Nxb3 39. Bxb3
Kxb3 40. Rd5 Rb7 41. Rd6 Kc4 42. h5 Kc5 43. Rxf6 d5 44. Re6 d4 45. Re1 d3 46.
g5 Kd4 47. h6 d2 48. Rd1 Ke4 49. g6 Rb6 50. g7 Rg6+ 51. Kf1 1-0

[Event "SC Kreuzberg - SC Baden-Oos"]
[Site "Dittrichshuette"]
[Date "2004.12.30"]
[Round "6.2"]
[White "Baumgardt, Laurin"]
[Black "Stiefel, Michael"]
[Result "0-1"]
[WhiteElo "1774"]
[BlackElo "1945"]
[PlyCount "54"]
[EventDate "2004.??.??"]

1. e4 c5 2. Nc3 d6 3. f4 Nc6 4. Bc4 g6 5. Nf3 Bg7 6. O-O e6 7. d3 Nge7 8. Qe1
O-O 9. f5 d5 10. Bb3 dxe4 11. dxe4 exf5 12. Qh4 fxe4 13. Ng5 Qd4+ 14. Kh1 h6
15. Nxf7 c4 16. Nxh6+ Bxh6 17. Bxh6 Rxf1+ 18. Rxf1 Nf5 19. Qg5 Kh7 20. Rd1 Qe5
21. Bxc4 Nxh6 22. Qh4 Kg7 23. Rd5 Qe7 24. Qf4 Be6 25. Re5 Rf8 26. Qxe4 Nxe5 27.
Qxe5+ Qf6 0-1

[Event "SC Kreuzberg - SC Baden-Oos"]
[Site "Dittrichshuette"]
[Date "2004.12.30"]
[Round "6.3"]
[White "Mrinski, Evgenij"]
[Black "Krautschick, Clemens"]
[Result "1-0"]
[WhiteElo "1792"]
[BlackElo "1521"]
[PlyCount "91"]
[EventDate "2004.??.??"]

1. e4 e6 2. d3 d5 3. Nd2 c5 4. g3 Nc6 5. Bg2 Nf6 6. Ngf3 Be7 7. O-O O-O 8. e5
Nd7 9. Re1 Qc7 10. Qe2 Rd8 11. h4 h6 12. Nf1 Bf8 13. Bf4 Nb6 14. c3 Bd7 15.
N1h2 Rdc8 16. Ng4 Kh8 17. h5 Qd8 18. Qd2 Ne7 19. Ngh2 c4 20. d4 Ng8 21. g4 Be8
22. Bg3 Nd7 23. Re2 b5 24. Ne1 a5 25. f4 b4 26. f5 Rcb8 27. Nhf3 a4 28. g5 a3
29. f6 b3 30. axb3 axb2 31. Qxb2 Rxb3 32. Rxa8 Qxa8 33. Qa2 Ra3 34. Qd2 Qa5 35.
Nc2 Rb3 36. Qc1 Qa2 37. Nd2 Rxc3 38. Nf1 Ba3 39. fxg7+ Kxg7 40. gxh6+ Nxh6 41.
Qg5+ Kh7 42. Bf4 Rxc2 43. Qxh6+ Kg8 44. Qg5+ Kh7 45. Bd2 c3 46. Be4+ 1-0

[Event "SC Kreuzberg - SC Baden-Oos"]
[Site "Dittrichshuette"]
[Date "2004.12.30"]
[Round "6.4"]
[White "Huth, Ricardo"]
[Black "Goergen, Barbara"]
[Result "0-1"]
[WhiteElo "1399"]
[BlackElo "1740"]
[PlyCount "64"]
[EventDate "2004.??.??"]

1. e4 c5 2. Nc3 e6 3. f4 d6 4. Nf3 Nc6 5. Bc4 Nge7 6. a3 d5 7. exd5 exd5 8. Ba2
g6 9. d3 Bg7 10. O-O O-O 11. Qe1 Be6 12. Ng5 Qd7 13. Qh4 h6 14. Nxe6 Qxe6 15.
Re1 Qd7 16. Bd2 Rfe8 17. Kh1 Nd4 18. Rac1 Kh7 19. Nd1 Nef5 20. Qf2 Rxe1+ 21.
Bxe1 Re8 22. Nc3 Ne3 23. Bd2 Ndxc2 24. Nxd5 Bxb2 25. Nxe3 Bxc1 26. Bxc1 Nxe3
27. Bxe3 Qxd3 28. f5 g5 29. Bxf7 Qxe3 30. Bg6+ Kg7 31. Qb2+ Qe5 32. Qxb7+ Re7
0-1

[Event "SC Leipzig-Gohlis - Hamburger SK"]
[Site "Dittrichshuette"]
[Date "2004.12.30"]
[Round "6.1"]
[White "Bracker, Frank"]
[Black "Natsidis, Christoph"]
[Result "0-1"]
[WhiteElo "1905"]
[BlackElo "1995"]
[PlyCount "118"]
[EventDate "2004.??.??"]

1. e4 e6 2. d4 d5 3. Nc3 Bb4 4. e5 Ne7 5. a3 Bxc3+ 6. bxc3 c5 7. Qg4 O-O 8. Bd3
Qc7 9. Bh6 Ng6 10. Bd2 cxd4 11. cxd4 f5 12. Qg3 b6 13. Ne2 Ba6 14. h4 Bxd3 15.
Qxd3 Rc8 16. h5 Nf8 17. Qg3 Qc4 18. h6 g6 19. Qh4 Rc7 20. Rh3 Rf7 21. Rc3 Qa6
22. Rb1 Nbd7 23. Ng1 Rc8 24. Rbb3 Nb8 25. Nf3 Nc6 26. Ng5 Re7 27. Nf3 Rec7 28.
Qf6 Rf7 29. Qh4 Na5 30. Rxc8 Qxc8 31. Bxa5 Qxc2 32. Nd2 bxa5 33. Qd8 a4 34. Rb4
Qc1+ 35. Ke2 Qxa3 36. Qa5 Qa1 37. Rxa4 Qh1 38. Qc5 Qxh6 39. Rxa7 Rxa7 40. Qxa7
Qg5 41. g3 f4 42. Qa3 fxg3 43. Qxg3 Qxg3 44. fxg3 Kg7 45. Kf3 g5 46. g4 Ng6 47.
Nb3 Nf4 48. Nc5 Kf7 49. Nd7 h6 50. Nf6 Kg6 51. Ke3 h5 52. gxh5+ Nxh5 53. Ne8
Ng7 54. Nc7 Kf5 55. Nb5 Kg4 56. Nd6 Nf5+ 57. Kd3 Kf4 58. Nf7 Ng7 59. Ke2 Ke4 {
Notation nicht weiter nachvollziehbar} 0-1

[Event "SC Leipzig-Gohlis - Hamburger SK"]
[Site "Dittrichshuette"]
[Date "2004.12.30"]
[Round "6.2"]
[White "Dueck, Stefan"]
[Black "Bracker, Arne"]
[Result "1-0"]
[WhiteElo "1885"]
[BlackElo "1761"]
[PlyCount "53"]
[EventDate "2004.??.??"]

1. e4 {0} e6 2. d4 d5 3. Nc3 Bb4 4. e5 c5 5. a3 Bxc3+ 6. bxc3 Ne7 7. Qg4 Qc7 8.
Qxg7 Rg8 9. Qxh7 cxd4 10. Ne2 Nbc6 11. f4 Bd7 12. Qd3 dxc3 13. Nxc3 a6 14. h4
Na5 15. Rh3 Rc8 16. Rb1 Nf5 17. h5 d4 18. Ne4 Ke7 19. a4 Nc4 20. Qxc4 Qxc4 21.
Bxc4 Rxc4 22. Ba3+ Kd8 23. h6 Bc6 24. h7 Rh8 25. Ng5 Ke8 26. Rbb3 Rxa4 27. Rxb7
{Notation nicht weiter nachvollziehbar} 1-0